Statistics for Eminem Songs by Lines

Click here to take the quiz!

General Stats

  • This quiz has been taken 7 times
  • The average score is 3 of 12

Answer Stats

Lines Song % Correct
His palms are sweaty, knees weak, arms are heavy. There's vomit on his sweater already, mom's spaghettiLose Yourself
83%
Why be a king when you can be a ___?Rap God
67%
It may seem a little crazy, pretty baby. But I promise mama's gon' be alrightMockingbird
33%
Just gonna stand there and watch me burn. But that's alright because I like the way it hurtsLove The Way You Lie
33%
Jessica Simpson, sing the chorus! (...) Sorry Portia, but what's Ellen DeGeneres have that I don't? Are you tellin' me tenderness?We Made You
17%
These ideas are nightmares to white parents, whose worst fear is a child with dyed hair and who likes earringsSing For The Moment
17%
Valium was in everything - food that I ate, the water that I drank, f****ing peas on my plateMy Mom
17%
I'm like a lunatic, you make me sick. (...) You're the Slim to my Shady, the Dre to my Eminem, the Elaina to my Hailey.Crazy In Love
17%
Hey Slim, that's my girlfriend screaming in the trunk.Stan
17%
Sometimes I feel so alone, I just don't know, feels like I been down this road before. So lonely and cold. It's like something takes over me, soon as I go home and close the door.Déjà Vu
17%
Guess who's back, back again. Shady's back, tell a friend.Without Me
0%
That's just a metaphor, I'm just psycho, I go a little bit crazy, sometimes I get a little bit out of control with my rhymesJust Lose It
0%

Score Distribution

Percentile by Number Answered

Percent of People with Each Score

Your Score History

You have not taken this quiz